Statistics for Culture Générale - Série 1785

Click here to take the quiz!

General Stats

  • This quiz has been taken 84 times
  • The average score is 5 of 10

Answer Stats

Question Réponse % Correct
Quel nom portait l'actuelle république démocratique du Congo entre 1971 et 1997 ?Zaïre
78%
Quel phénomène météorologique appelle-t-on familièrement "purée de pois" ?brouillard
75%
Quelle est la couleur de l'infortune conjugale ?jaune
75%
Comment appelle-t-on également un "empailleur" dont le métier consiste à donner l'apparence du vivant à des animaux morts ?taxidermiste
71%
Quelle est la capitale du Nicaragua ?Managua
56%
Comment appelle-t-on plus familièrement la maladie du foie "ictère" ?jaunisse
55%
Quel animal est l'isatis ?renard
51%
Dans quel état des USA se trouve la commune de Langley où se trouve le siège de la CIA ?Virginie
34%
Quel était le prénom de Madame d'Estrées, maîtresse et favorite du roi Henri IV ?Gabrielle
29%
Comment appelle-t-on un discours ennuyeux (anagramme : luisa) ?laïus
20%

Score Distribution

Percentile by Number Answered

Percent of People with Each Score

Your Score History

You have not taken this quiz